00815nam a2200169Ia 450000500170000000800410001702000150005808200150007310000270008824500260011526000500014130000120019150003240020394200060052795200970053399900150063020240906061840.0240331s9999 xx 000 0 und d a9555920168 bSRIa658.4 aSri Lanka Foundation.  0aHow to write a thesis aColombobSri Lanka Foundation Institutec1997 a55 p ., aHow to write a thesis was the subject of two workshops held in October and November 1996 at the Sri Lanka foundation institute. they were organized as part of a series of workshops on Adult education, which the SLFI conducted during 1996 in pursuance of its mandate to promote adult education and higher level training. cL 001040708LaWERCLbWERCLcSSCd2024-03-31l0o 658.4 SRIp5674r2024-03-31w2024-03-31yL c4562d4562